000 00562nam a22001697a 4500
005 20251108175029.0
008 250721s2012 xx 000 0 ara d
082 1 4 _a818.07/فاخ
100 1 _aفاخوري، جلال
245 1 0 _aالدموع الغاضبة "موت المعذبين" :
_bخواطر و نظرات /
264 1 _aعمان :
_bدار يافا العلمية للنشر والتوزيع،
_c2012.
300 _a95ص.
650 1 7 _aالادب العربي
650 1 7 _aالخواطر الادبية
942 _2ddc
_cBK
999 _c124400
_d124400